Catálogo público

Diseño de una máquina etiquetadora para botellas de agua (Record no. 105370)

MARC details
000 -CABECERA
campo de control de longitud fija 02297nam a2200349 a 4500
001 - NÚMERO DE CONTROL
campo de control 000108908
003 - IDENTIFICADOR DEL NÚMERO DE CONTROL
campo de control CHAP
005 - FECHA Y HORA DE LA ÚLTIMA TRANSACCIÓN
campo de control 20251027110255.0
008 - DATOS DE LONGITUD FIJA--INFORMACIÓN GENERAL
campo de control de longitud fija 140319s2013 mx | |sm |||||||spa|d
040 ## - FUENTE DE LA CATALOGACIÓN
Centro/agencia transcriptor CHAP
090 ## - LOCALMENTE ASIGNADO TIPO-LC NÚMERO DE CLASIFICACIÓN (OCLC); NÚMERO DE CLASIFICACIÓN LOCAL (RLIN)
Número de clasificación (OCLC) (R) ; Numero de clasificación, CALL (RLIN) (NR) Tesis
100 1# - ENTRADA PRINCIPAL--NOMBRE DE PERSONA
Nombre de persona Jiménez Paez, José Orlando
9 (RLIN) 125972
245 10 - MENCIÓN DE TÍTULO
Título Diseño de una máquina etiquetadora para botellas de agua
Mención de responsabilidad, etc. por José Orlando Jiménez Paez y Angel Ignacio Nava Pascacio; director María Victoria Gómez Águila
264 ## - PRODUCCIÓN, PUBLICACIÓN, DISTRIBUCIÓN, FABRICACIÓN Y COPYRIGHT
Producción, publicación, distribución, fabricación y copyright Chapingo, Méx. :
Nombre del de productor, editor, distribuidor, fabricante El autor,
Fecha de producción, publicación, distribución, fabricación o copyright 2013.
336 ## - TIPO DE CONTENIDO
Fuente rdacontent
Término de tipo de contenido texto
Código de tipo de contenido txt
337 ## - TIPO DE MEDIO
Fuente rdamedia
Nombre/término del tipo de medio computadora
Código del tipo de medio c
338 ## - TIPO DE SOPORTE
Fuente rdacarrier
Nombre/término del tipo de soporte recurso en línea
Código del tipo de soporte cr
502 ## - NOTA DE TESIS
Tipo de título Ingeniería Mecánica Agrícola
Nombre de la institución que otorga el título Departamento de Ingeniería Mecánica Agrícola,
Año de obtención del título 2013.
Información miscelánea Maestría
520 ## - SUMARIO, ETC.
Sumario, etc. El presente trabajo está enfocado a ayudar a tener un proceso eficaz y eficiente de etiquetado de botellas de la purificadora de agua Chapingo, dado que con el que cuentan actualmente aún es manual, lo cual lo convierte en un proceso ineficaz e ineficiente. Es por ello que se propone el diseño de una máquina etiquetadora de botellas de agua, en dónde se busca tener una opción rentable del proceso que sea eficaz, eficiente y tenga el objetivo de etiquetar de 1000 a 4000 botellas en una jornada de 8 horas. Se eligió diseñar la etiquetadora de tal manera que esta despegara por sí sola la etiqueta y adhiriera esta de manera perfecta sin necesidad de tocar el adhesivo en ningún momento. La metodología para obtener los esfuerzos y desplazamientos de los ejes que lleva la máquina es basada en el método de secciones. Así mismo se realizó la simulación de los ejes en el software ANSYS, lo cual ayudó a conocer que no existirán problemas en su funcionamiento, dado que los esfuerzos máximos y últimos son más pequeños que el de cedencia que se tenía.
650 14 - PUNTO DE ACCESO ADICIONAL DE MATERIA--TÉRMINO DE MATERIA
Término de materia o nombre geográfico como elemento de entrada Diseño industrial.
9 (RLIN) 32732
650 14 - PUNTO DE ACCESO ADICIONAL DE MATERIA--TÉRMINO DE MATERIA
Término de materia o nombre geográfico como elemento de entrada Embotellado.
9 (RLIN) 36468
700 1# - PUNTO DE ACCESO ADICIONAL--NOMBRE DE PERSONA
Nombre de persona Nava Pascacio, Angel Ignacio
9 (RLIN) 125973
700 ## - PUNTO DE ACCESO ADICIONAL--NOMBRE DE PERSONA
Nombre de persona Gómez Águila, María Victoria
9 (RLIN) 185726
856 ## - LOCALIZACIÓN Y ACCESO ELECTRÓNICOS
Identificador Uniforme del Recurso http://10.13.5.2/tesis/sist108908.pdf
Nota pública DESCARGAR PDF
942 ## - ELEMENTOS DE PUNTO DE ACCESO ADICIONAL (KOHA)
Tipo de ítem Koha Tesis digital
Fuente del sistema de clasificación o colocación Clasificación Universidad Autónoma Chapingo
590 ## - NOTA LOCAL (RLIN)
Nota local BATCH-UPD
Procedencia (VM) [OBSOLETO] 05
Condición del los carretes individuales (VM) [OBSOLETO] 20140324
590 ## - NOTA LOCAL (RLIN)
Nota local BATCH-UPD
Procedencia (VM) [OBSOLETO] 05
Condición del los carretes individuales (VM) [OBSOLETO] 20141002
590 ## - NOTA LOCAL (RLIN)
Nota local E792CSJ
Procedencia (VM) [OBSOLETO] 05
Condición del los carretes individuales (VM) [OBSOLETO] 20140319
590 ## - NOTA LOCAL (RLIN)
Nota local E792CSJ
Procedencia (VM) [OBSOLETO] 05
Condición del los carretes individuales (VM) [OBSOLETO] 20140319
Holdings
Estado de retiro Estado de pérdida Fuente del sistema de clasificación o colocación Estado dañado Restricciones de uso No para préstamo Código de colección Localización permanente Ubicación/localización actual Ubicación en estantería Fecha de adquisición Total de préstamos Signatura topográfica completa Fecha visto por última vez Precio válido a partir de Tipo de ítem Koha
    Clasificación Universidad Autónoma de Chapingo   Préstamo interno   Tesis digitales de Maestría Biblioteca Digital Biblioteca Digital En línea 19/03/2014   Tesis digital 31/12/2019 31/12/2019 Tesis digital